| Tag |
First Indicator |
Second Indicator |
Subfields |
| LEADER |
00000cam a2200000 4500 |
| 001 |
in00000021861 |
| 005 |
20151007063752.0 |
| 008 |
760218s1952 nyua 00010 engm |
| 010 |
|
|
|a 52007715
|
| 035 |
|
|
|a (OCoLC)02000142
|
| 035 |
|
|
|9 AAD8201AM
|
| 040 |
|
|
|a DLC
|c FDA
|d FDA
|d TXA
|d UtOrBLW
|
| 049 |
|
|
|a TXAM
|c [454305]
|
| 050 |
0 |
0 |
|a PR5363
|b .C15 1952
|
| 092 |
|
|
|a 822
|b S534ca
|
| 100 |
1 |
|
|a Shaw, Bernard,
|d 1856-1950.
|
| 245 |
1 |
0 |
|a Caesar and Cleopatra /
|c [by Bernard Shaw] Antony and Cleopatra [by William Shakespeare. With photos. from the productions starring Laurence Olivier and Vivien Leigh.
|
| 264 |
|
1 |
|a New York :
|b Dodd, Mead,
|c [1952?]
|
| 300 |
|
|
|a 1 volume :
|b illustrations ;
|c 21 cm.
|
| 336 |
|
|
|a text
|b txt
|2 rdacontent
|
| 337 |
|
|
|a unmediated
|b n
|2 rdamedia
|
| 338 |
|
|
|a volume
|b nc
|2 rdacarrier
|
| 536 |
|
|
|a In Honor of Robert W. Wenck '64 Founder of the Theater Arts Program at Texas A&M University July 2006.
|
| 600 |
1 |
0 |
|a Antonius, Marcus,
|d 83 B.C.?-30 B.C.
|x Drama.
|
| 600 |
0 |
0 |
|a Cleopatra,
|c Queen of Egypt,
|d -30 B.C.
|x Drama.
|
| 600 |
1 |
0 |
|a Caesar, Julius
|x Drama.
|
| 700 |
1 |
|
|a Shakespeare, William,
|d 1564-1616.
|t Antony and Cleopatra.
|
| 999 |
|
|
|a MARS
|
| 999 |
f |
f |
|s 566a9cdb-06b3-30cf-96c3-da7a34312368
|i b297341f-a2bd-34aa-a2ca-d2fef1587362
|t 0
|
| 952 |
f |
f |
|p ric
|a Texas A&M University
|b Rellis Campus
|c Joint Library Facility
|s JLF
|d Remote Storage
|t 0
|e PR5363 .C15 1952
|h Library of Congress classification
|i unmediated -- volume
|m A14835792176
|
| 998 |
f |
f |
|a PR5363 .C15 1952
|t 0
|l Remote Storage
|